00370nam a22001457a 4500003000500000038001100005082001600016100001500032245003300047260004000080300001300120500001500133880003100148880004500179NUST awaseem a297.62bABD aAbdul Rauf aMahnama Khaiza /cAbdul Rauf aLahore :bMalik Siraj-ud-Din,cN.D. a392 p. ; aPaperback. 6100-01\raعبدالروف 6245-02\raماہنامہ گل خزاں /